A través del espejo : (Registro nro. 16135)
[ vista simple ]
| 000 -LEADER | |
|---|---|
| campo de control de longitud fija | 00859nam a2200253 i 4500 |
| 001 - NÚMERO DE CONTROL | |
| campo de control | 16135 |
| 003 - IDENTIFICADOR DE NÚMERO DE CONTROL | |
| campo de control | ES-MaACL |
| 005 - FECHA Y HORA DE LA ÚLTIMA TRANSACCIÓN | |
| campo de control | 20250728032126.0 |
| 007 - CAMPO FIJO DE DESCRIPCIÓN FÍSICA--INFORMACIÓN GENERAL | |
| campo de control de longitud fija | t| |
| 008 - DATOS DE LONGITUD FIJA--INFORMACIÓN GENERAL | |
| campo de control de longitud fija | 000704s2000 sp ||||1| spa d |
| 020 ## - NÚMERO INTERNACIONAL ESTÁNDAR DEL LIBRO | |
| Número Internacional Estándar del Libro | 84-239-9323-X |
| 080 ## - NÚMERO DE LA CLASIFICACIÓN DECIMAL UNIVERSAL | |
| Número de la Clasificación Decimal Universal | 77 Calvache, A. |
| 080 ## - NÚMERO DE LA CLASIFICACIÓN DECIMAL UNIVERSAL | |
| Número de la Clasificación Decimal Universal | 929(460)"19"(0:77) |
| 100 1# - ENTRADA PRINCIPAL--NOMBRE DE PERSONA | |
| Nombre de persona | Sánchez Vigil, Juan Miguel, |
| Fechas asociadas al nombre | 1956- |
| 9 (RLIN) | 226419 |
| 245 10 - MENCIÓN DEL TÍTULO | |
| Título | A través del espejo : |
| Resto del título | cómicos, trágicos y mitos : fotografías de Calvache / |
| Mención de responsabilidad, etc. | Juan Miguel Sánchez Vigil. |
| 260 ## - PUBLICACIÓN, DISTRIBUCIÓN, ETC. | |
| Lugar de publicación, distribución, etc. | Madrid : |
| Nombre del editor, distribuidor, etc. | Espasa-Calpe, |
| Fecha de publicación, distribución, etc. | [2000] |
| 300 ## - DESCRIPCIÓN FÍSICA | |
| Extensión | 250 p. : |
| Otras características físicas | fot., retr. ; |
| Dimensiones | 30 cm. |
| 650 #4 - PUNTO DE ACCESO ADICIONAL DE MATERIA--TÉRMINO DE MATERIA | |
| Término de materia o nombre geográfico como elemento de entrada | Actores- |
| Subdivisión geográfica | España- |
| Subdivisión cronológica | S.XX. |
| 9 (RLIN) | 155114 |
| 650 #4 - PUNTO DE ACCESO ADICIONAL DE MATERIA--TÉRMINO DE MATERIA | |
| Término de materia o nombre geográfico como elemento de entrada | Españoles- |
| Subdivisión cronológica | S.XX- |
| Subdivisión general | Retratos. |
| 9 (RLIN) | 172711 |
| 650 #7 - PUNTO DE ACCESO ADICIONAL DE MATERIA--TÉRMINO DE MATERIA | |
| Término de materia o nombre geográfico como elemento de entrada | Fotografía de retrato |
| Fuente del encabezamiento o término | embne |
| 9 (RLIN) | 155523 |
| 700 1# - ENTRADA AGREGADA--NOMBRE PERSONAL | |
| Nombre de persona | Calvache, A. ( |
| Fechas asociadas al nombre | 1896-1984) |
| 9 (RLIN) | 33794 |
| 852 ## - LOCALIZACIÓN | |
| Ubicación | ES-MaACL |
| Número de control de estantería | L-23243 |
| Estatus retirado | Estado de pérdida | Estado de daño | No para préstamo | Biblioteca de origen | Biblioteca actual | Ubicación en estantería | Fecha de adquisición | Fuente de adquisición | Total de préstamos | Signatura topográfica completa | Código de barras | Visto por última vez | Precio de reemplazo | Tipo de ítem Koha |
|---|---|---|---|---|---|---|---|---|---|---|---|---|---|---|
| Biblioteca del Ateneo de Madrid | Biblioteca del Ateneo de Madrid | Depósito 2 | 17/01/2008 | L-23243 | 1016397 | 23/02/2023 | 23/02/2023 | Libro impreso |
